000 00557nam a22001937a 4500
001 BT-PhCST
003 BT-PhCST
005 20190204172445.0
008 170404b xxu||||| |||| 00| 0 eng d
020 _a9788177001006
040 _aBT-PhCST
_cBT-PhCST
_dBT-PhCST
050 _a19699-19708
082 _222
_a621.38119
100 _aSawhney, A. K.
245 _aA course in electrical and electronic measurements and instrumentation /
260 _aNew Delhi,
_bDhanpat Rai and Co.Ltd
_cc2017.
300 _aill. ;
_b1318 p. ;
_c26.5 cm.
942 _2ddc
_cEE
999 _c6708
_d6708